000 00613nam a22002057a 4500
003 DO-SdBNP
005 20171205091011.0
008 161031b 2005 xxx 00| 0 spa d
020 _a0971274878
040 _aBPMSU
_bspa
_cBPMSU
082 _axxxx
_bxxxx
100 1 _aSchoenfeld, Matt
245 1 0 _aAbundant living :
_bthe five biblical principles for financial success /
_cMatt Schoenfeld
260 _a[s.d.] :
_bVibrant Group,
_c2005.
300 _a76 p. :
_c22 cm.
910 _a000144
942 _2ddc
_cBK
945 _ainventariado extranjero / DG
956 _2YLOCKWARD
_310
_8BPMSU
_aYngrid Lockward
999 _c12990
_d12990